<?xml version="1.0" encoding="UTF-8"?><?xml-stylesheet type="text/xsl" href="static/style.xsl"?><OAI-PMH xmlns="http://www.openarchives.org/OAI/2.0/" xmlns:xsi="http://www.w3.org/2001/XMLSchema-instance" xsi:schemaLocation="http://www.openarchives.org/OAI/2.0/ http://www.openarchives.org/OAI/2.0/OAI-PMH.xsd"><responseDate>2026-04-17T13:07:21Z</responseDate><request verb="GetRecord" identifier="oai:www.recercat.cat:2117/413427" metadataPrefix="marc">https://recercat.cat/oai/request</request><GetRecord><record><header><identifier>oai:recercat.cat:2117/413427</identifier><datestamp>2026-01-30T07:53:15Z</datestamp><setSpec>com_2072_1033</setSpec><setSpec>col_2072_452950</setSpec></header><metadata><record xmlns="http://www.loc.gov/MARC21/slim" xmlns:dcterms="http://purl.org/dc/terms/" xmlns:xsi="http://www.w3.org/2001/XMLSchema-instance" xmlns:doc="http://www.lyncode.com/xoai" xsi:schemaLocation="http://www.loc.gov/MARC21/slim http://www.loc.gov/standards/marcxml/schema/MARC21slim.xsd">
   <leader>00925njm 22002777a 4500</leader>
   <datafield ind2=" " ind1=" " tag="042">
      <subfield code="a">dc</subfield>
   </datafield>
   <datafield ind2=" " ind1=" " tag="720">
      <subfield code="a">Grajales Noreña, Sthefania</subfield>
      <subfield code="e">author</subfield>
   </datafield>
   <datafield ind2=" " ind1=" " tag="720">
      <subfield code="a">Bernal Granados, Gabriel Andres</subfield>
      <subfield code="e">author</subfield>
   </datafield>
   <datafield ind2=" " ind1=" " tag="720">
      <subfield code="a">Cardona Arboleda, Omar Dario</subfield>
      <subfield code="e">author</subfield>
   </datafield>
   <datafield ind2=" " ind1=" " tag="720">
      <subfield code="a">Rincón, David Felipe</subfield>
      <subfield code="e">author</subfield>
   </datafield>
   <datafield ind2=" " ind1=" " tag="720">
      <subfield code="a">Carreño Tibaduiza, Martha Liliana</subfield>
      <subfield code="e">author</subfield>
   </datafield>
   <datafield ind2=" " ind1=" " tag="260">
      <subfield code="c">2024-07</subfield>
   </datafield>
   <datafield ind2=" " ind1=" " tag="520">
      <subfield code="a">The holistic approach has been applied to disaster risk evaluation at various scales, ranging from the urban to the national level, utilising deterministic and probabilistic physical risk results that concentrate on structures, infrastructure, and population effects. This article proposes a methodology to holistically evaluate the climate risk for ecosystems. Furthermore, the article proposes a prioritisation of adaptation measures based on their results, taking into account the physical risk, the ecological fragility conditions, and the strategic relevance of ecosystems exposed to these conditions. The calculation includes three composite indicators. The ecological fragility factor (FEF) estimates the capacity (or lack of capacity) of the ecosystem to absorb and recover, revealing vulnerabilities that may not be immediately evident but that can profoundly affect the long-term health and stability of the ecosystem. The ecosystem strategic relevance factor (FSR) helps to understand its fundamental role in supporting biodiversity and ecosystem services. The physical risk assessment does not account for the environmental and ecological aspects quantified through indicators in the  and . A total risk index, , is calculated based on a probabilistic climate risk evaluation and the previously mentioned factors. This methodology is applied to the climate risk evaluation of Colombian ecosystems. The authors conducted this evaluation in close collaboration with Colombia’s Ministry of Environment and Sustainable Development, funded by the Inter-American Development Bank. Its application yields crucial insights for informed decision-making and strategic planning in climate adaptation efforts.</subfield>
   </datafield>
   <datafield ind2=" " ind1=" " tag="520">
      <subfield code="a">Peer Reviewed</subfield>
   </datafield>
   <datafield ind2=" " ind1=" " tag="520">
      <subfield code="a">Postprint (author's final draft)</subfield>
   </datafield>
   <datafield tag="653" ind2=" " ind1=" ">
      <subfield code="a">Àrees temàtiques de la UPC::Desenvolupament humà i sostenible::Degradació ambiental::Canvi climàtic</subfield>
   </datafield>
   <datafield tag="653" ind2=" " ind1=" ">
      <subfield code="a">Climate change risk management</subfield>
   </datafield>
   <datafield tag="653" ind2=" " ind1=" ">
      <subfield code="a">Ecological fragility</subfield>
   </datafield>
   <datafield tag="653" ind2=" " ind1=" ">
      <subfield code="a">Strategic relevance of ecosystems</subfield>
   </datafield>
   <datafield tag="653" ind2=" " ind1=" ">
      <subfield code="a">Disaster risk</subfield>
   </datafield>
   <datafield tag="653" ind2=" " ind1=" ">
      <subfield code="a">Climate risk assessment</subfield>
   </datafield>
   <datafield tag="653" ind2=" " ind1=" ">
      <subfield code="a">Holistic approach</subfield>
   </datafield>
   <datafield tag="653" ind2=" " ind1=" ">
      <subfield code="a">Adaptation measures</subfield>
   </datafield>
   <datafield tag="653" ind2=" " ind1=" ">
      <subfield code="a">Canvis climàtics -- Gestió del risc</subfield>
   </datafield>
   <datafield ind2="0" ind1="0" tag="245">
      <subfield code="a">Holistic evaluation of climate risk to prioritise adaptation measures for ecosystems</subfield>
   </datafield>
</record></metadata></record></GetRecord></OAI-PMH>